000 00588nam a2200229 a 4500
001 nice12345678
003 IN_TiNIC
005 20260116014100.0
008 111116s2007 oxfa grp 000 0 eng
020 _a9781851682478
_c395
082 0 0 _a170
_bRUN1
100 _aRunzo, Joseph
245 _aEthics
_b in the World Religions
260 _aOxford
_bOne World Publications
_c2007
300 _a381p
500 _aincludes index and biblioraphy
505 2 _aSelect Bibliography, Index
650 _aEthics and Religion
902 _bSRS
942 _cBK
999 _c13798
_d13798